Образование нефти и природных горючих газов при плазмохимических реакциях в недрах и их плазмохимическая переработка: Заключительный отчет о НИР

Detalhes bibliográficos
Autor Corporativo: Томский политехнический институт (ТПИ) (595)
Outros Autores: Воробьев А. А. Александр Акимович (руководитель)
Idioma:russo
Publicado em: Томск, 1977
Assuntos:
Formato: Livro
KOHA link:https://koha.lib.tpu.ru/cgi-bin/koha/opac-detail.pl?biblionumber=174758

MARC

LEADER 00000nbm0a2200000 4500
001 174758
005 20231031164915.0
035 |a (RuTPU)RU\TPU\book\189506 
090 |a 174758 
100 |a 20100204d1977 k y0rusy50 ca 
101 0 |a rus 
102 |a RU 
105 |a a p 001zy 
200 1 |a Образование нефти и природных горючих газов при плазмохимических реакциях в недрах и их плазмохимическая переработка  |e Заключительный отчет о НИР  |f Томский политехнический институт (ТПИ) ; руководитель А. А. Воробьев 
210 |a Томск  |d 1977 
215 |a 47 л. 
320 |a Библиогр.: с. 45-46. 
610 1 |a отчеты о НИР 
610 1 |a нефть 
610 1 |a природные газы 
610 1 |a плазмохимические реакции 
610 1 |a плазмохимическая переработка 
610 1 |a недра 
610 1 |a образование 
610 1 |a труды учёных ТПУ 
675 |a 665.63:537.222(04)  |v 3 
675 |a 662.764:537.222(04)  |v 3 
702 1 |a Воробьев  |b А. А.  |c российский физик  |c ректор Томского политехнического института, профессор  |f 1909-1981  |g Александр Акимович  |2 stltpush  |3 (RuTPU)RU\TPU\pers\12805  |4 673 
712 0 2 |a Томский политехнический институт (ТПИ)  |c (1944-1991)  |2 stltpush  |3 (RuTPU)RU\TPU\col\1123  |4 595 
801 1 |a RU  |b 63413507  |c 20100204 
801 2 |a RU  |b 63413507  |c 20100311  |g RCR 
942 |c BK